| 000 | 00731nam a2200229Ia 4500 | ||
|---|---|---|---|
| 001 | 9529 | ||
| 003 | GE_BSU | ||
| 008 | 181216s||||||||xx |||||||||||||| ||und|| | ||
| 040 | _cGE_BSU | ||
| 080 | _a821.353.1–2 | ||
| 100 | _aმდივანი,გიორგი | ||
| 245 | _aშენი ძია მიშა | ||
| 245 | _bჰეროიკული დრამა | ||
| 245 | _cრედ.ლ.ერისთავი.მხატვ.ლ.შენგელია | ||
| 260 | _aთბილისი | ||
| 260 | _bნაკადული | ||
| 260 | _c1972 | ||
| 300 | _a59გვ;20სმ | ||
| 653 | _aშენი ძია მიშა | ||
| 653 | _aჰეროიკული დრამა | ||
| 942 | _cBK | ||
| 999 |
_c42823 _d42823 |
||